[Event "GFBI II"]
[Site "SchemingMind.com"]
[Date "2025.04.08"]
[Round "-"]
[White "Steven DuCharme"]
[Black "Phillip Beckett"]
[Result "0-1"]
[WhiteCountry "USA"]
[BlackCountry "ENG"]
[WhiteElo "1576"]
[WhiteRD "66"]
[BlackElo "1557"]
[BlackRD "52"]
[GameID "753103"]

1. g3 Nf6 2. Bg2 g6 3. b3 Bg7 4. Bb2 O-O 5. Nf3 d6 6. O-O e5 7. d3 Nbd7 8. Nbd2 Re8 9. a4 Nf8 10. h3 Be6
11. c4 c6 12. e4 Qc8 13. Kh2 Bd7 14. Re1 Ne6 15. b4 c5 16. b5 Nd4 17. Ng1 h5 18. f4 h4 19. fxe5 dxe5 20. Bxd4 exd4
21. g4 Bxg4 22. Qxg4 Nxg4+ 23. hxg4 Qxg4 24. Bh3 Qf4+
0-1

[Event "GFBI II"]
[Site "SchemingMind.com"]
[Date "2025.04.08"]
[Round "-"]
[White "Phillip Beckett"]
[Black "Steven DuCharme"]
[Result "1-0"]
[WhiteCountry "ENG"]
[BlackCountry "USA"]
[WhiteElo "1557"]
[WhiteRD "52"]
[BlackElo "1576"]
[BlackRD "66"]
[GameID "753104"]

1. e4 c5 2. Nf3 e6 3. d4 cxd4 4. Nxd4 d5 5. exd5 exd5 6. Bd3 Nf6 7. O-O Be7 8. Re1 O-O 9. Nc3 Re8 10. Nf5 Bxf5
11. Bxf5 g6 12. Bd3 a6 13. Bg5 Nc6 14. Qf3 Qd6 15. Rxe7
1-0

[Event "GFBI II"]
[Site "SchemingMind.com"]
[Date "2025.04.08"]
[Round "-"]
[White "Steven DuCharme"]
[Black "private napoleon"]
[Result "0-1"]
[WhiteCountry "USA"]
[BlackCountry "ENG"]
[WhiteElo "1576"]
[WhiteRD "66"]
[BlackElo "1794"]
[BlackRD "88"]
[GameID "753105"]

1. Nf3 g6 2. c3 Bg7 3. d4 d5 4. g3 Nf6 5. Bg2 O-O 6. O-O b6 7. Re1 Bb7 8. Nbd2 Nbd7 9. Qc2 c5 10. e4 dxe4
11. Nxe4 Bxe4 12. Rxe4 Nxe4 13. Qxe4 cxd4 14. Ng5 Rc8 15. cxd4 e6 16. Be3 Nf6 17. Qd3 Nd5 18. a3 Nxe3 19. fxe3 Qxg5 20. Rc1 Rxc1+
21. Qd1 Rxd1+
0-1

[Event "GFBI II"]
[Site "SchemingMind.com"]
[Date "2025.04.09"]
[Round "-"]
[White "private napoleon"]
[Black "Steven DuCharme"]
[Result "1-0"]
[WhiteCountry "ENG"]
[BlackCountry "USA"]
[WhiteElo "1794"]
[WhiteRD "88"]
[BlackElo "1576"]
[BlackRD "66"]
[GameID "753106"]

1. e4 d6 2. d4 Nf6 3. Nc3 g6 4. Nf3 Bg7 5. Bc4 O-O 6. O-O a6 7. Bb3 b6 8. Bg5 Bb7 9. Qd3 Nbd7 10. h3 c5
11. e5 dxe5 12. dxe5 Ne8 13. Rad1
1-0

[Event "GFBI II"]
[Site "SchemingMind.com"]
[Date "2025.04.08"]
[Round "-"]
[White "Steven DuCharme"]
[Black "Thomas Jacob Kelly"]
[Result "*"]
[WhiteCountry "USA"]
[BlackCountry "USA"]
[WhiteElo "1576"]
[WhiteRD "66"]
[BlackElo "1790"]
[BlackRD "90"]
[GameID "753109"]

1. e4 c5 2. Nf3 Nc6 3. d4 cxd4 4. Nxd4 Nf6 5. Nc3 e5 6. Nb3 Bb4 7. Bd2 Bxc3 8. Bxc3 Nxe4 9. Bd3 Nxc3 10. bxc3 b6
11. O-O O-O 12. Be4 Bb7 13. Qf3 g6 14. Bd5 Kg7 15. Rfe1 Qc7 16. Rad1 f5 17. Qd3 Rae8 18. a4 e4 19. Qc4 Qc8 20. Bxc6 Qxc6
21. Qd4+ Rf6 22. Qxd7+ Qxd7 23. Rxd7+ Rf7 24. Red1 Bc6 25. Rxf7+ Kxf7 26. a5 f4 27. axb6 axb6 28. Rd6 e3 29. fxe3 fxe3 30. Nd4 Ba8
31. Ne2 Re6 32. Rd7+ Re7 33. Rd6 b5 34. Rb6 Bd5
*

[Event "GFBI II"]
[Site "SchemingMind.com"]
[Date "2025.04.08"]
[Round "-"]
[White "Thomas Jacob Kelly"]
[Black "Steven DuCharme"]
[Result "1-0"]
[WhiteCountry "USA"]
[BlackCountry "USA"]
[WhiteElo "1790"]
[WhiteRD "90"]
[BlackElo "1576"]
[BlackRD "66"]
[GameID "753110"]

1. e4 e6 2. d4 d5 3. Nd2 c5 4. Ngf3 a6 5. dxc5 Bxc5 6. Bd3 Qb6 7. O-O dxe4 8. Nxe4 Be7 9. Be3 Qc7 10. Qd2 Nf6
11. a4 Nd5 12. Bd4 O-O 13. Be5
1-0

[Event "GFBI II"]
[Site "SchemingMind.com"]
[Date "2025.04.09"]
[Round "-"]
[White "Steven DuCharme"]
[Black "Chesswitchery"]
[Result "*"]
[WhiteCountry "USA"]
[BlackCountry "USA"]
[WhiteElo "1576"]
[WhiteRD "66"]
[BlackElo "1628"]
[BlackRD "63"]
[GameID "753111"]

1. g3 Nf6 2. Bg2 d5 3. Nf3 e6 4. O-O c5 5. b3 Nc6 6. Bb2 Be7 7. d3 Bd7 8. Nbd2 O-O 9. Re1 Re8 10. e4 d4
11. Nc4 b5 12. Nce5 Bd6 13. Nxd7 Nxd7 14. c3 e5 15. cxd4 cxd4 16. Nxe5 Bxe5 17. f4 Qb6 18. fxe5 Ndxe5 19. Rc1 Nb4 20. Bf1 Qf6
21. Be2 Nxa2 22. Rc5 Nc6 23. Rxb5 a6 24. Rb6 Nab4 25. Qd2 a5 26. Rf1 Qd8 27. Rb5 Re5 28. Rxe5 Nxe5 29. Ba3 Nbc6 30. h4 Rb8
31. Bd1 Qd7 32. Rf4
*

[Event "GFBI II"]
[Site "SchemingMind.com"]
[Date "2025.04.08"]
[Round "-"]
[White "Chesswitchery"]
[Black "Steven DuCharme"]
[Result "*"]
[WhiteCountry "USA"]
[BlackCountry "USA"]
[WhiteElo "1628"]
[WhiteRD "63"]
[BlackElo "1576"]
[BlackRD "66"]
[GameID "753112"]

1. d4 Nf6 2. c4 e6 3. Nc3 a6 4. Bg5 Be7 5. e3 b6 6. Nf3 Bb7 7. Be2 O-O 8. O-O d6 9. Qc2 Nbd7 10. Rac1 h6
11. Bh4 Nh7 12. Bxe7 Qxe7 13. e4 f5 14. Rfe1 fxe4 15. Nxe4 Rf4 16. Ned2 Ng5 17. Nxg5 Qxg5 18. f3 e5 19. d5 Raf8 20. Ne4 Qe7
21. g3 R4f7 22. Kf2 g5 23. Kg2 c5 24. b3 Nf6 25. Nxf6+ Rxf6 26. Rf1 Bc8 27. h3 Bf5
*

[Event "GFBI II"]
[Site "SchemingMind.com"]
[Date "2025.04.08"]
[Round "-"]
[White "Steven DuCharme"]
[Black "Mariano51"]
[Result "0-1"]
[WhiteCountry "USA"]
[BlackCountry "CUB"]
[WhiteElo "1576"]
[WhiteRD "66"]
[BlackElo "2281"]
[BlackRD "71"]
[GameID "753113"]

1. Nf3 d5 2. g3 Nf6 3. Bg2 c5 4. O-O e6 5. b3 Be7 6. Bb2 O-O 7. d3 Nc6 8. Nbd2 Qc7 9. e4 d4 10. Re1 a6
11. e5 Nd5 12. Nc4 b5 13. Ncd2 Bb7 14. Rc1 Nc3 15. Bxc3 dxc3 16. Nf1 f5 17. h4 h6 18. d4 Rad8 19. Kh1 cxd4 20. Qd3 Nb4
21. Qd1 d3
0-1

[Event "GFBI II"]
[Site "SchemingMind.com"]
[Date "2025.04.08"]
[Round "-"]
[White "Mariano51"]
[Black "Steven DuCharme"]
[Result "1-0"]
[WhiteCountry "CUB"]
[BlackCountry "USA"]
[WhiteElo "2281"]
[WhiteRD "71"]
[BlackElo "1576"]
[BlackRD "66"]
[GameID "753114"]

1. e4 b6 2. d4 e6 3. Nf3 Bb7 4. Bd3 h6 5. O-O Nf6 6. e5 Nh7 7. Re1 Be7 8. c4 O-O 9. d5 exd5 10. cxd5 d6
11. e6 f5 12. Nd4 Bxd5 13. Nxf5 Nc6 14. Nc3 Nb4 15. Qg4
1-0

[Event "GFBI II"]
[Site "SchemingMind.com"]
[Date "2025.04.08"]
[Round "-"]
[White "Phillip Beckett"]
[Black "private napoleon"]
[Result "0-1"]
[WhiteCountry "ENG"]
[BlackCountry "ENG"]
[WhiteElo "1557"]
[WhiteRD "52"]
[BlackElo "1794"]
[BlackRD "88"]
[GameID "753121"]

1. e4 e5 2. Nf3 Nc6 3. Bb5 a6 4. Ba4 Nf6 5. O-O b5 6. Bb3 Be7 7. c3 O-O 8. d3 d5 9. exd5 Nxd5 10. Qe2 Nf4
11. Bxf4 exf4 12. d4 Bd6 13. Bc2 Re8 14. Qd3 g6 15. Nbd2 Bf5 16. Ne4 Rxe4 17. Qd2 Re8 18. Bxf5 gxf5 19. g3 Kh8 20. Rfe1 Rxe1+
21. Rxe1 Qf6 22. Ne5 Bxe5 23. dxe5 Nxe5 24. gxf4 Nf3+
0-1

[Event "GFBI II"]
[Site "SchemingMind.com"]
[Date "2025.04.09"]
[Round "-"]
[White "private napoleon"]
[Black "Phillip Beckett"]
[Result "0-1"]
[WhiteCountry "ENG"]
[BlackCountry "ENG"]
[WhiteElo "1794"]
[WhiteRD "88"]
[BlackElo "1557"]
[BlackRD "52"]
[GameID "753122"]

1. e4 e5 2. Nc3 Nf6 3. Bc4 Nxe4 4. Qh5 Nd6 5. Bb3 Be7 6. Qxe5 Nc6 7. Qe2 O-O 8. d3 Nd4 9. Qd1 Nxb3 10. axb3 c6
11. Nf3 Bf6 12. O-O Nf5 13. Bf4 d5 14. Qd2 Nd6 15. d4 Re8 16. Rfe1 Ne4 17. Ne5 Nxd2 18. Bxd2 Bxe5 19. dxe5 Be6 20. f4 g6
21. Ne2 f6 22. Nd4 fxe5 23. fxe5 Qd7 24. Kh1 Bf5 25. c3 a6 26. Bg5 Be6 27. Bf6 c5 28. Nf3 Rf8 29. Rad1 Rae8 30. Rd2 Bg4
31. Red1 Bxf3 32. gxf3 Qh3 33. Rxd5 Qxf3+ 34. Kg1 Rxf6 35. exf6 Qxf6
0-1

[Event "GFBI II"]
[Site "SchemingMind.com"]
[Date "2025.04.07"]
[Round "-"]
[White "Phillip Beckett"]
[Black "Thomas Jacob Kelly"]
[Result "*"]
[WhiteCountry "ENG"]
[BlackCountry "USA"]
[WhiteElo "1557"]
[WhiteRD "52"]
[BlackElo "1790"]
[BlackRD "90"]
[GameID "753125"]

1. e4 e6 2. d4 d5 3. Nd2 Be7 4. exd5 exd5 5. Ngf3 Nf6 6. Bd3 O-O 7. O-O Re8 8. Re1 Nc6 9. c3 Nd7 10. Nf1 Nf8
11. Ng3 Bg4 12. h3 Be6 13. Ne5 Nxe5 14. Rxe5 Bd6 15. Re3 a6 16. Qc2 b6 17. Bd2 g6 18. Rae1 c5 19. Nf1 Ra7 20. R3e2 c4
21. Rxe6 Nxe6 22. Be2 Qb8 23. Bg4 Ng7 24. Rxe8+ Nxe8 25. Ne3 Nf6 26. Bf3 Rd7 27. Ng4 Nxg4 28. Bxg4 Re7 29. Kf1 Qe8 30. Bf3 Bf4
31. Qd1 Bxd2 32. Qxd2 Qc6 33. Qg5 Rd7 34. Qe5 Rd8 35. g4 b5 36. Bg2 Qe6 37. Qf4 Re8 38. Qd2 Kg7 39. Bf3 h6 40. Qe2 Qxe2+
41. Bxe2 Kf6 42. Bf3 Ke6 43. Kg2
*

[Event "GFBI II"]
[Site "SchemingMind.com"]
[Date "2025.04.07"]
[Round "-"]
[White "Thomas Jacob Kelly"]
[Black "Phillip Beckett"]
[Result "0-1"]
[WhiteCountry "USA"]
[BlackCountry "ENG"]
[WhiteElo "1790"]
[WhiteRD "90"]
[BlackElo "1557"]
[BlackRD "52"]
[GameID "753126"]

1. e4 e5 2. d4 exd4 3. c3 d3 4. Bxd3 d6 5. Nf3 Nf6 6. h3 Be7 7. Be3 O-O 8. Nbd2 Nc6 9. Qc2 Ne5 10. O-O-O Nxd3+
11. Qxd3 Be6 12. b3 Qc8 13. Rdg1 a5 14. Kb2 a4 15. g4 axb3 16. axb3 c5 17. Ne1 b5 18. Qe2 Qa6 19. Nc2 Qa2+ 20. Kc1 Bxb3
21. Nxb3 Qxb3 22. Bf4 Ra2 23. Rg3 Qb2+ 24. Kd1 Qb1+ 25. Bc1 Nxe4 26. Qxe4 d5 27. Qe2 Bg5 28. Re3 d4
0-1

[Event "GFBI II"]
[Site "SchemingMind.com"]
[Date "2025.04.08"]
[Round "-"]
[White "Phillip Beckett"]
[Black "Chesswitchery"]
[Result "1-0"]
[WhiteCountry "ENG"]
[BlackCountry "USA"]
[WhiteElo "1557"]
[WhiteRD "52"]
[BlackElo "1628"]
[BlackRD "63"]
[GameID "753127"]

1. e4 d5 2. exd5 Nf6 3. d4 Nxd5 4. Nf3 Bg4 5. Be2 e6 6. Ne5 Bxe2 7. Qxe2 c6 8. c3 Bd6 9. f4 O-O 10. Nd2 Nxf4
11. Qf3 Nd5 12. O-O Nf6 13. Ne4 Bxe5 14. dxe5 Nxe4 15. Qxe4 Nd7 16. Bf4 Nc5 17. Qf3 Qb6 18. Kh1 Rad8 19. Be3 Rd5 20. b4 Rxe5
21. Bxc5 Rf5 22. Qxf5 exf5 23. Bxb6 axb6 24. Rxf5 g6 25. Re5 f6 26. Re7 Rf7 27. Rae1 Rxe7 28. Rxe7
1-0

[Event "GFBI II"]
[Site "SchemingMind.com"]
[Date "2025.04.07"]
[Round "-"]
[White "Chesswitchery"]
[Black "Phillip Beckett"]
[Result "*"]
[WhiteCountry "USA"]
[BlackCountry "ENG"]
[WhiteElo "1628"]
[WhiteRD "63"]
[BlackElo "1557"]
[BlackRD "52"]
[GameID "753128"]

1. d4 d5 2. c4 e6 3. Nc3 Nf6 4. Bg5 Be7 5. Nf3 h6 6. Bxf6 Bxf6 7. e3 O-O 8. cxd5 exd5 9. Be2 c6 10. O-O Bg4
11. Rc1 Nd7 12. Qc2 Be7 13. e4 dxe4 14. Nxe4 Nf6 15. Nxf6+ Bxf6 16. Rfd1 Qc7 17. d5 c5 18. h3 Bh5 19. d6 Qd7 20. b3 Bg6
21. Qxc5 Rac8 22. Qd5 Rfd8 23. Ne5 Bxe5 24. Qxe5 Rxc1 25. Rxc1 Qxd6 26. Qxd6 Rxd6 27. Rc8+ Kh7 28. Rc7 Rb6 29. Bc4 f6 30. h4 a6
31. g4 Be4 32. Kh2 Rd6 33. Kg3 Rc6
*

[Event "GFBI II"]
[Site "SchemingMind.com"]
[Date "2025.04.08"]
[Round "-"]
[White "Phillip Beckett"]
[Black "Mariano51"]
[Result "0-1"]
[WhiteCountry "ENG"]
[BlackCountry "CUB"]
[WhiteElo "1557"]
[WhiteRD "52"]
[BlackElo "2281"]
[BlackRD "71"]
[GameID "753129"]

1. e4 e5 2. Nf3 Nc6 3. Bb5 Nf6 4. O-O Nxe4 5. Qe2 Ng5 6. Nxe5 Nd4 7. Qe3 Nxc2 8. Qe2 Ne6 9. d4 Ncxd4 10. Qe4 Nxb5
11. f4 d5 12. Qe1 Be7 13. f5 Ned4 14. f6 gxf6 15. Nxf7 Kxf7 16. Qh4 h5 17. Nc3 Nxc3 18. bxc3 Nf5 19. Rxf5 Bxf5 20. Bf4 Qd7
21. Re1 Rag8 22. Bg3 Rg4 23. Qh3 Bc5+ 24. Bf2 Bxf2+ 25. Kxf2 Rf4+ 26. Qf3 Rxf3+
0-1

[Event "GFBI II"]
[Site "SchemingMind.com"]
[Date "2025.04.07"]
[Round "-"]
[White "Mariano51"]
[Black "Phillip Beckett"]
[Result "1-0"]
[WhiteCountry "CUB"]
[BlackCountry "ENG"]
[WhiteElo "2281"]
[WhiteRD "71"]
[BlackElo "1557"]
[BlackRD "52"]
[GameID "753130"]

1. e4 e5 2. Nf3 Nc6 3. Bb5 a6 4. Ba4 Nf6 5. O-O Be7 6. Re1 b5 7. Bb3 O-O 8. c3 d5 9. exd5 Nxd5 10. Nxe5 Nxe5
11. Rxe5 Nf6 12. d4 Bd6 13. Re1 Ng4 14. h3 Qh4 15. Qf3 Nxf2 16. Re2 Bb7 17. Qxf2 Bg3 18. Qf1 Bd6 19. Nd2 Qg3 20. Nf3 Bxf3
21. Qxf3 Qh2+ 22. Kf2 c5 23. dxc5 Rae8 24. Rxe8 Bg3+ 25. Qxg3 Qxg3+ 26. Kxg3 Rxe8 27. c6
1-0

[Event "GFBI II"]
[Site "SchemingMind.com"]
[Date "2025.04.12"]
[Round "-"]
[White "Phillip Beckett"]
[Black "TomJones123"]
[Result "*"]
[WhiteCountry "ENG"]
[BlackCountry "MAS"]
[WhiteElo "1557"]
[WhiteRD "52"]
[BlackElo "1142"]
[BlackRD "91"]
[GameID "753135"]

1. e4 e5 2. Nf3 d6 3. d4 exd4 4. Nxd4 Nf6 5. Nc3 Be7 6. Be2 O-O 7. O-O c5 8. Nb3 a6 9. f4 b5 10. Bf3 b4
11. Nd5 Nxd5 12. exd5 Bb7
*

[Event "GFBI II"]
[Site "SchemingMind.com"]
[Date "2025.04.12"]
[Round "-"]
[White "TomJones123"]
[Black "Phillip Beckett"]
[Result "*"]
[WhiteCountry "MAS"]
[BlackCountry "ENG"]
[WhiteElo "1142"]
[WhiteRD "91"]
[BlackElo "1557"]
[BlackRD "52"]
[GameID "753136"]

1. e4 e5 2. Qh5 Nc6 3. Bc4 Qe7 4. c3 Nf6 5. Qf3 d6 6. d3 Bg4 7. Qg3 Qd7 8. Bg5 Nh5 9. Qe3 Be7 10. Bxe7 Qxe7
11. f3 Be6 12. g4
*

[Event "GFBI II"]
[Site "SchemingMind.com"]
[Date "2025.04.08"]
[Round "-"]
[White "private napoleon"]
[Black "Thomas Jacob Kelly"]
[Result "0-1"]
[WhiteCountry "ENG"]
[BlackCountry "USA"]
[WhiteElo "1794"]
[WhiteRD "88"]
[BlackElo "1790"]
[BlackRD "90"]
[GameID "753139"]

1. e4 e6 2. d4 d5 3. e5 b6 4. Qg4 f5 5. Qh3 Ba6 6. Nf3 Bxf1 7. Kxf1 Be7 8. Be3 Nd7 9. Nbd2 Qc8 10. c4 Qa6
11. b3 Nf8 12. g4 g6 13. gxf5 exf5 14. Kg2 Qb7 15. Rhc1 h6 16. cxd5 Qxd5 17. Rxc7 Ne6 18. Rc2 f4 19. Qg4 g5 20. Qh5+ Kd7
21. Rac1 Rh7 22. Qg4 Rf8 23. Rc7+ Ke8 24. Rxa7 h5 25. Rc8+ Nd8 26. Rxd8+ Bxd8
0-1

[Event "GFBI II"]
[Site "SchemingMind.com"]
[Date "2025.04.08"]
[Round "-"]
[White "Thomas Jacob Kelly"]
[Black "private napoleon"]
[Result "*"]
[WhiteCountry "USA"]
[BlackCountry "ENG"]
[WhiteElo "1790"]
[WhiteRD "90"]
[BlackElo "1794"]
[BlackRD "88"]
[GameID "753140"]

1. e4 e6 2. d4 d5 3. Nc3 Bb4 4. e5 Ne7 5. Bg5 Bxc3+ 6. bxc3 O-O 7. Qg4 Qd7 8. Bd3 Ng6 9. h4 f6 10. h5 fxg5
11. hxg6 h6 12. Nh3 Qe7 13. Rb1 b6 14. g3 Na6 15. f4 gxf4 16. Nxf4 c5 17. Bxa6 Bxa6 18. Qxe6+ Qxe6 19. Nxe6 Rf3 20. dxc5 Re8
21. Nc7 Rxe5+ 22. Kd1 Bc4 23. cxb6 axb6 24. Rxb6 Rf8 25. a4 Rg5 26. Kc1 Rxg3 27. Kb2 Rc8 28. a5 Kf8 29. Ne6+ Kg8 30. Nc5 Ra8
*

[Event "GFBI II"]
[Site "SchemingMind.com"]
[Date "2025.04.09"]
[Round "-"]
[White "private napoleon"]
[Black "Chesswitchery"]
[Result "1-0"]
[WhiteCountry "ENG"]
[BlackCountry "USA"]
[WhiteElo "1794"]
[WhiteRD "88"]
[BlackElo "1628"]
[BlackRD "63"]
[GameID "753141"]

1. d4 d5 2. Nf3 e6 3. Bf4 c5 4. c3 Nf6 5. e3 Nc6 6. Bb5 Bd7 7. Bxc6 Bxc6 8. O-O b6 9. Nbd2 cxd4 10. cxd4 Be7
11. Ne5 Bb7 12. Qa4+ Nd7 13. Ndf3 f6 14. Nxd7 Qxd7 15. Qb3 O-O 16. Rac1 e5 17. dxe5 fxe5 18. Nxe5 Qd8 19. Bg3 Bc5 20. Rxc5 bxc5
21. Qxb7 Qb8 22. Qxd5+ Kh8 23. Nf7+ Rxf7 24. Bxb8
1-0

[Event "GFBI II"]
[Site "SchemingMind.com"]
[Date "2025.04.08"]
[Round "-"]
[White "Chesswitchery"]
[Black "private napoleon"]
[Result "*"]
[WhiteCountry "USA"]
[BlackCountry "ENG"]
[WhiteElo "1628"]
[WhiteRD "63"]
[BlackElo "1794"]
[BlackRD "88"]
[GameID "753142"]

1. d4 g6 2. c4 Bg7 3. Nf3 d5 4. e3 c6 5. Nc3 Nf6 6. cxd5 cxd5 7. Bb5+ Nbd7 8. O-O O-O 9. Bd2 e6 10. Rc1 a6
11. Bd3 b5 12. e4 Bb7 13. Bg5 Qb6 14. e5 Ne4 15. Bf4 b4 16. Na4 Qa7 17. b3 Rac8 18. Qe2 a5 19. Qe3 f5 20. Bh6 Bc6
21. Bxg7 Kxg7 22. Ng5 Rfe8 23. f3 Nxg5 24. Qxg5 h6 25. Qe3 Bxa4 26. bxa4 Nb6 27. f4 Nc4 28. Qf2 Red8 29. Qh4 Qxd4+ 30. Kh1 Qxd3
*

[Event "GFBI II"]
[Site "SchemingMind.com"]
[Date "2025.04.09"]
[Round "-"]
[White "private napoleon"]
[Black "Mariano51"]
[Result "0-1"]
[WhiteCountry "ENG"]
[BlackCountry "CUB"]
[WhiteElo "1794"]
[WhiteRD "88"]
[BlackElo "2281"]
[BlackRD "71"]
[GameID "753143"]

1. e4 c5 2. Nf3 d6 3. d4 Nf6 4. Bd3 cxd4 5. O-O Nc6 6. Re1 e5 7. Bg5 Be7 8. Nbd2 O-O 9. a4 Be6 10. Nc4 Rc8
11. h3 Nb4 12. b3 Nxd3 13. cxd3 h6 14. Bh4 g5 15. Bg3 Kh7 16. Nfd2 Rg8 17. Rc1 g4 18. hxg4 Bxg4 19. f3 Bh3 20. gxh3 Rxg3+
21. Kf2 Qg8 22. Rg1 Nh5 23. Qf1 Bh4 24. Rxg3 Nxg3 25. Qg2 Ne2+
0-1

[Event "GFBI II"]
[Site "SchemingMind.com"]
[Date "2025.04.08"]
[Round "-"]
[White "Mariano51"]
[Black "private napoleon"]
[Result "1-0"]
[WhiteCountry "CUB"]
[BlackCountry "ENG"]
[WhiteElo "2281"]
[WhiteRD "71"]
[BlackElo "1794"]
[BlackRD "88"]
[GameID "753144"]

1. e4 e5 2. Nf3 Nc6 3. Bb5 a6 4. Ba4 Nf6 5. O-O b5 6. Bb3 Be7 7. Re1 O-O 8. c3 d5 9. exd5 Nxd5 10. Nxe5 Nxe5
11. Rxe5 Nf6 12. d4 Bd6 13. Re1 Ng4 14. h3 Qh4 15. Qf3 Nxf2 16. Re2 Ng4 17. g3 Qxh3 18. Qxa8 Bxg3 19. Qg2 Bh2+ 20. Kf1 Qh4
21. Nd2 Bf5 22. Nf3 Qh5 23. Nxh2 Bd3 24. Nxg4 Re8 25. Nf6+
1-0

[Event "GFBI II"]
[Site "SchemingMind.com"]
[Date "2025.04.08"]
[Round "-"]
[White "Thomas Jacob Kelly"]
[Black "Chesswitchery"]
[Result "1-0"]
[WhiteCountry "USA"]
[BlackCountry "USA"]
[WhiteElo "1790"]
[WhiteRD "90"]
[BlackElo "1628"]
[BlackRD "63"]
[GameID "753163"]

1. e4 d5 2. exd5 Nf6 3. d4 Nxd5 4. Bc4 e6 5. Nf3 c5 6. Be3 cxd4 7. Bxd4 Nc6 8. Nc3 Bb4 9. Bxd5 Qxd5 10. O-O Bxc3
11. Bxc3 Qxd1 12. Raxd1 O-O 13. Rd2 b6 14. Rfd1 Bb7 15. Rd7 Rab8 16. Ne5 f6 17. Rxb7 Nxe5 18. Rxa7 Nc6 19. Rc7 Nd8 20. g4 e5
21. Bb4 Rf7 22. Rxf7 Nxf7 23. Kg2 Ng5 24. c4 e4 25. h4 Nf3 26. Kg3 g6 27. Bd6 Rd8 28. b4 f5 29. c5 fxg4 30. cxb6 Ne5
31. Bxe5
1-0

[Event "GFBI II"]
[Site "SchemingMind.com"]
[Date "2025.04.07"]
[Round "-"]
[White "Chesswitchery"]
[Black "Thomas Jacob Kelly"]
[Result "0-1"]
[WhiteCountry "USA"]
[BlackCountry "USA"]
[WhiteElo "1628"]
[WhiteRD "63"]
[BlackElo "1790"]
[BlackRD "90"]
[GameID "753164"]

1. d4 e6 2. c4 Nf6 3. Nc3 Bb4 4. Bg5 c5 5. e3 Qa5 6. Bxf6 Bxc3+ 7. bxc3 Qxc3+ 8. Ke2 gxf6 9. Rc1 Qa5 10. Qd2 Qxd2+
11. Kxd2 b6 12. dxc5 bxc5 13. Nf3 Rg8 14. g3 Bb7 15. Bg2 a5 16. Rhd1 Ke7 17. Rb1 Bc6 18. Rb2 Na6 19. Rb6 Rgb8 20. Rdb1 Nb4
21. Rxb8 Rxb8 22. a3 Be4 23. Rb2 Nc6 24. Rxb8 Nxb8 25. Nh4 f5 26. f3 Bc6 27. Kd3 d6 28. e4 fxe4+ 29. fxe4 Nd7 30. Nf3 Kf6
31. g4 h6 32. h4 d5 33. exd5 exd5 34. g5+ Kg6 35. gxh6 dxc4+ 36. Kxc4 Bxf3 37. Bxf3 Ne5+
0-1

[Event "GFBI II"]
[Site "SchemingMind.com"]
[Date "2025.04.08"]
[Round "-"]
[White "Thomas Jacob Kelly"]
[Black "Mariano51"]
[Result "*"]
[WhiteCountry "USA"]
[BlackCountry "CUB"]
[WhiteElo "1790"]
[WhiteRD "90"]
[BlackElo "2281"]
[BlackRD "71"]
[GameID "753165"]

1. e4 e5 2. Bc4 Nf6 3. Nf3 Nxe4 4. Qe2 d5 5. d4 exd4 6. Nxd4 Bc5 7. c3 O-O 8. Bb3 Nc6 9. Be3 Nxd4 10. Bxd4 Re8
11. O-O Nxc3 12. Qxe8+ Qxe8 13. Bxc3 d4 14. Be1 b6 15. Nd2 Ba6 16. Bc4 Bxc4 17. Nxc4 Qb5 18. b3 Re8 19. g3 h5 20. Bd2 h4
21. Kg2 Qc6+ 22. Kh3 b5 23. Nb2 Qe6+ 24. g4 Qe2 25. Rad1 Qf3+ 26. Kxh4 Be7+ 27. g5
*

[Event "GFBI II"]
[Site "SchemingMind.com"]
[Date "2025.04.07"]
[Round "-"]
[White "Mariano51"]
[Black "Thomas Jacob Kelly"]
[Result "*"]
[WhiteCountry "CUB"]
[BlackCountry "USA"]
[WhiteElo "2281"]
[WhiteRD "71"]
[BlackElo "1790"]
[BlackRD "90"]
[GameID "753166"]

1. e4 c5 2. Nf3 d6 3. d4 cxd4 4. Nxd4 Nf6 5. Nc3 Nc6 6. Bg5 Qb6 7. Nb3 e6 8. Bf4 e5 9. Be3 Qd8 10. Qd2 Be7
11. f3 O-O 12. O-O-O Be6 13. Kb1 Qd7 14. g4 Rfc8 15. g5 Ne8 16. h4 f6 17. Nc5 dxc5 18. Qxd7 Bxd7 19. Rxd7 Rc7 20. Rd2 b6
21. Nd5 Rb7 22. Ba6 Rd7 23. Bc4 Kf8 24. Nxf6 Nxf6 25. gxf6 Bd6 26. fxg7+ Kxg7 27. Rg1+ Kh8 28. Bg5 h5
*

[Event "GFBI II"]
[Site "SchemingMind.com"]
[Date "2025.04.07"]
[Round "-"]
[White "Chesswitchery"]
[Black "Mariano51"]
[Result "0-1"]
[WhiteCountry "USA"]
[BlackCountry "CUB"]
[WhiteElo "1628"]
[WhiteRD "63"]
[BlackElo "2281"]
[BlackRD "71"]
[GameID "753173"]

1. d4 Nf6 2. c4 e6 3. Nc3 Bb4 4. Qc2 d5 5. Nf3 c5 6. e3 cxd4 7. exd4 O-O 8. Bd2 dxc4 9. Bxc4 Nc6 10. O-O Nxd4
11. Nxd4 Qxd4 12. Nb1 Bd6 13. Bg5 Ng4 14. Rd1 Bxh2+ 15. Kf1 Qc5 16. Bd3 Qxg5 17. Bxh7+ Kh8 18. Bd3 Qh4 19. Rd2 b6 20. Nc3 Bb7
21. Be4 Bxe4 22. Nxe4 f5 23. g3 Qh3+ 24. Ke2 fxe4
0-1

[Event "GFBI II"]
[Site "SchemingMind.com"]
[Date "2025.04.08"]
[Round "-"]
[White "Mariano51"]
[Black "Chesswitchery"]
[Result "1-0"]
[WhiteCountry "CUB"]
[BlackCountry "USA"]
[WhiteElo "2281"]
[WhiteRD "71"]
[BlackElo "1628"]
[BlackRD "63"]
[GameID "753174"]

1. e4 d5 2. exd5 Nf6 3. Nf3 Nxd5 4. d4 e6 5. c4 Nf6 6. Nc3 Bb4 7. a3 Bxc3+ 8. bxc3 O-O 9. Bd3 Nc6 10. O-O h6
11. Bf4 Re8 12. Re1 b6 13. Ne5 Bb7 14. Re3 Nxe5 15. dxe5 Nh7 16. Rg3 Ng5 17. Qe2 c5 18. Re1 Qe7 19. Qh5 Rad8 20. Bxg5
1-0